Checklist of editions of Greek papyri and ostraca /

محفوظ في:

المؤلف الرئيسي: Oates, John F. (مؤلف)

مؤلفون آخرون: Bagnall, Roger S., Willis, William H.

التنسيق: كتاب

اللغة: English

الطبعة: Second edition.

سلاسل: Bulletin of the American Society of Papyrologists Supplements ; 1.
BASP-Suppl. ; 1.

الموضوعات:

الوسوم: إضافة وسم

لا توجد وسوم, كن أول من يضع وسما على هذه التسجيلة!

رقم الطلب: PA3339 .A513 v.1

LEADER 01242namaa2200349 4500
001 15332
003 OSt
005 20210725144902.0
008 130303s1978 mtu g b 000 0deng d
952 |0 0  |1 0  |2 lcc  |3 V.1  |4 0  |6 PA3339 A513 V.00001  |7 1  |9 17132  |a ARCE  |b ARCE  |d 2021-07-25  |l 0  |o PA3339 .A513 v.1  |p 1031710  |r 2021-07-25 00:00:00  |w 2021-07-25  |y BK 
999 |c 13962  |d 13962 
010 |a 78026003 
020 |a 0891302727 
040 |c ARCE Library 
043 |a e-gr---  
050 0 4 |a PA3339 .A513 v.1 
100 1 |a Oates, John F.,  |e author 
245 1 0 |a Checklist of editions of Greek papyri and ostraca /  |c John F. Oates, Roger S. Bagnall, William H. Willis. 
250 |a Second edition. 
264 1 |a Missoula, Montana :  |b Scholars Press,  |c 1978. 
300 |a x, 63 pages ;  |c 24 cm. 
490 1 |a Bulletin of the American Society of Papyrologists Supplements ;   |v 1. 
490 1 |a BASP-Suppl. ;   |v 1. 
555 |a wafaa.lib.  
650 0 |a Manuscripts, Greek (Papyri)  |v Bibliography. 
650 0 |a Ostraka  |v Bibliography. 
700 1 |a Bagnall, Roger S. 
700 1 |a Willis, William H. 
830 0 |a Bulletin of the American Society of Papyrologists Supplements ;   |v 1. 
830 0 |a BASP-Suppl. ;   |v 1. 
901 |a reviewed 
942 |c BK  |2 lcc